000 01056nam a2200289Ia 4500
003 OSt
005 20220930090321.0
006 a|||||r|||| 00| 0
007 ta
008 220926b |||||||| |||| 00| 0 eng d
024 _a109239
037 _cTheses
040 _aCRL
_cCRL
_beng
041 _2eng
_aeng
100 _aAggarwal Pinky
_9542285
110 _aUniversity of Delhi. Faculty of Medical Sciences. Department of Paediatrics
245 0 _aValidation of clinical and investigative criteria to differentiate viral from non viral community acquired lower respiratory tract infection
260 _c2008
300 _a84p.
_ap.
_ccm.
650 _aCHILDREN - DISEASES
700 _a Dr. Anita Chakravarti Gu.
_9536892
700 _a Dr. G. R. Sethi Gu.
_9532627
700 _a Dr. Monica Juneja Gu.
_9536888
700 _aUniversity of Delhi. Faculty of Medical Sciences. Department of Paediatrics
942 _cDIS
_2CC
999 _c880383
_d880383